01086cam a2200205 i 4500020002500000041000800025082001600033100001900049245004400068260011600112300002000228500002000248505036400268650002000632650001400652942000700666952009500673952009500768999001700863 a9780801049644 (pbk.) aENG00a230.41bSCH1 aSchwarz, Hans,14aThe Christian faith : A Creedal Account aUnited States of AmericabGrand Rapids, Michigan : Baker Academic, a division of Baker Publishing Group, c2014 avi, 218 pages ; aIncludes index.0 aIntroduction: Luther's central insights -- Presuppositions for the faith -- Theology -- Revelation -- Scripture -- God the creator -- God -- Creation -- Humanity -- Sin -- Christ the redeemer -- Jesus of Nazareth -- Jesus as the Christ -- The Holy Spirit as God's efficacious power -- The Holy Spirit -- The Church -- The means of grace -- The Christian hope. 0aLutheran Church 0aDoctrines cBK 00104070aHMIbHMIcGENd2018-12-06l0o230.41 SCHp11003995r2026-01-16w2026-01-16yBK 00104070aHMIbHMIcGENd2018-12-06l0o230.41 SCHp11003996r2026-01-16w2026-01-16yBK c22578d22578